header

Molecular self-assembly (Record no. 166190)

MARC details
000 -LEADER
fixed length control field 01562nam a2200373Ia 4500
082 04 - DEWEY DECIMAL CLASSIFICATION NUMBER
Classification number 660
245 00 - TITLE STATEMENT
Title Molecular self-assembly
260 ## - PUBLICATION, DISTRIBUTION, ETC. (IMPRINT)
Place of publication New York :
Name of publisher Nova Science Publishers,
Year of publication c2011.
300 ## - PHYSICAL DESCRIPTION
Number of Pages xi, 268 p. :
Other physical details ill. (some col.).
490 1# - SERIES STATEMENT
Series statement Chemical engineering methods and technology
Series statement Biotechnology in agriculture, industry and medicine
650 #0 - SUBJECT ADDED ENTRY--TOPICAL TERM
Topical Term Nanostructured materials.
Topical Term Self-assembly (Chemistry)
700 1# - ADDED ENTRY--PERSONAL NAME
Personal name Comrie, James P.
856 40 - ELECTRONIC LOCATION AND ACCESS
Uniform Resource Identifier http://site.ebrary.com/lib/rucke/Doc?id=10658996

No items available.

© 2026 Rongo University
Contact us: librarian | system librarian | Rongo university